[Event "DVM U10 2015"]
[Site "Magdeburg GER"]
[Date "2015.12.27"]
[Round "2"]
[White "Mischke, Richard"]
[Black "Reuter, Marek"]
[Result "0-1"]
[Termination "normal"]
[Board "4.3"]
[WhiteElo "916"]
[BlackElo "1209"]
[WhiteTeam "VfL Gräfenhainichen"]
[BlackTeam "SV Empor Erfurt 1"]
[PlyCount "63"]
[WhiteFideId "16255585"]
[BlackFideId "16226712"]
[EventCountry "GER"]
[EventRounds "7"]
[EventType "team-swiss"]
[EventDate "2015.12.27"]

1. e4 c6 2. Nc3 d5 3. Nf3 d4 4. Ne2 c5 5. d3 Nc6 6. Bf4 Nf6 7. c3 e6 8. cxd4
cxd4 9. Qa4 Bb4+ 10. Nd2 a6 11. g3 b5 12. Qc2 e5 13. Qxc6+ Bd7 14. Qc2 exf4 15.
Nxf4 Rc8 16. Qd1 O-O 17. Bg2 Re8 18. O-O Rc7 19. a3 Bc5 20. b4 Bb6 21. Nf3 Qc8
22. e5 Ng4 23. Bh3 Nxe5 24. Bxd7 Nxd7 25. Nh5 Ne5 26. Nxe5 Rxe5 27. Re1 f6 28.
Rxe5 fxe5 29. Qb3+ Kh8 30. Re1 Rc3 31. Qd5 Bc7 32. Qf3 0-1

[Event "DVM U10 2015"]
[Site "Magdeburg GER"]
[Date "2015.12.27"]
[Round "2"]
[White "Rajchel, Arian"]
[Black "Froehlich, Luca"]
[Result "1-0"]
[Termination "normal"]
[Board "4.4"]
[WhiteElo "1025"]
[BlackElo "758"]
[WhiteTeam "SV Empor Erfurt 1"]
[BlackTeam "VfL Gräfenhainichen"]
[PlyCount "21"]
[EventCountry "GER"]
[EventRounds "7"]
[EventType "team-swiss"]
[EventDate "2015.12.27"]

1. e4 e5 2. Nf3 Nc6 3. d4 Bb4+ 4. c3 Nf6 5. cxb4 Nxe4 (5... Nxb4 6. dxe5 Nxe4
7. b3 (7. Qb3 a5 8. Bc4 d5) 7... a5 8. Bc4 Nc5 9. Bxf7+ Kf8 10. Bd5) 6. dxe5
Nxe5 7. Qb3 a5 8. Bc4 Nc5 9. Bxf7+ Kf8 10. Qc4 d5 11. Qxd5 1-0

[Event "DVM U10 2015"]
[Site "Magdeburg GER"]
[Date "2015.12.27"]
[Round "2"]
[White "Prieb, Robert"]
[Black "Holz, Leonard"]
[Result "1-0"]
[Termination "normal"]
[Board "5.1"]
[WhiteElo "1494"]
[BlackElo "1211"]
[WhiteTeam "SchachAkademiePaderborn 1"]
[BlackTeam "SK Werther 1949"]
[PlyCount "117"]
[WhiteFideId "16212002"]
[EventCountry "GER"]
[EventRounds "7"]
[EventType "team-swiss"]
[EventDate "2015.12.27"]

1. d4 d5 2. c4 c6 3. Nf3 Nf6 4. Nc3 Bg4 5. cxd5 cxd5 6. Qb3 b6 7. Ne5 e6 8.
Nxg4 Nxg4 9. e3 a6 10. Be2 Nf6 11. O-O Bd6 12. Bd2 O-O 13. Rac1 Nbd7 14. Rc2 b5
15. Rfc1 Ne4 16. Nxe4 dxe4 17. Rc6 Nf6 18. Qc2 Be7 19. a4 Rb8 20. Rxa6 bxa4 21.
Rxa4 Qd6 22. Rc4 Qb6 23. b4 Nd5 24. Rc6 Qa7 25. b5 Qa3 26. Ra6 Nb4 27. Bxb4
Qxb4 28. Qc7 Qb2 29. Kf1 Ba3 30. Rc2 Qb3 31. Rc3 Qb2 32. Raxa3 h6 33. Rc1 Qd2
34. Rac3 Qb2 35. Rc6 Qb4 36. Rb6 Rxb6 37. Qxb6 Qd2 38. Qc7 Qb4 39. b6 Qb2 40.
b7 Qb4 41. Qc8 Rxc8 42. bxc8=Q+ Kh7 43. Qc5 Qb7 44. Qc7 Qb2 45. Rc4 Qb3 46.
Qxf7 Qb5 47. Rc7 Qg5 48. h4 Qg6 49. Qxg6+ Kxg6 50. h5+ Kf6 51. Rc6 Kf5 52. Bc4
Kg5 53. Rxe6 Kxh5 54. d5 g5 55. d6 g4 56. d7 g3 57. Be2+ Kg5 58. d8=Q+ Kf5 59.
Qf6# 1-0

[Event "DVM U10 2015"]
[Site "Magdeburg GER"]
[Date "2015.12.27"]
[Round "2"]
[White "Drees, Leon"]
[Black "Bornemann, Malte"]
[Result "1/2-1/2"]
[Termination "normal"]
[Board "5.2"]
[WhiteElo "1072"]
[BlackElo "1211"]
[WhiteTeam "SK Werther 1949"]
[BlackTeam "SchachAkademiePaderborn 1"]
[PlyCount "46"]
[WhiteFideId "16299523"]
[BlackFideId "16284470"]
[EventCountry "GER"]
[EventRounds "7"]
[EventType "team-swiss"]
[EventDate "2015.12.27"]

1. e4 e6 2. d4 d5 3. Nd2 dxe4 4. Nxe4 Nd7 5. Bf4 Ngf6 6. Bg5 Be7 7. Nxf6+ Nxf6
8. Bxf6 Bxf6 9. c3 b6 10. Nf3 Bb7 11. Bc4 O-O 12. O-O Qd6 13. Re1 Rae8 14. Re3
e5 15. Qe2 Bxf3 16. Qxf3 exd4 17. Rxe8 Rxe8 18. g3 dxc3 19. bxc3 Qe5 20. Rc1 b5
21. Bd3 c5 22. Bc2 Qxc3 23. Qxc3 Bxc3 1/2-1/2

[Event "DVM U10 2015"]
[Site "Magdeburg GER"]
[Date "2015.12.27"]
[Round "2"]
[White "Yin, Haode"]
[Black "Deniz, Kevin"]
[Result "1-0"]
[Termination "normal"]
[Board "5.3"]
[WhiteElo "1110"]
[BlackElo "1050"]
[WhiteTeam "SchachAkademiePaderborn 1"]
[BlackTeam "SK Werther 1949"]
[PlyCount "73"]
[WhiteFideId "16261348"]
[BlackFideId "34620346"]
[EventCountry "GER"]
[EventRounds "7"]
[EventType "team-swiss"]
[EventDate "2015.12.27"]

1. d4 e6 2. Nf3 d5 3. Bf4 c5 4. c3 Nc6 5. e3 Qb6 6. Qc2 Nf6 7. Bd3 Be7 8. Ne5
Bd6 9. O-O h6 10. Ng6 fxg6 11. Bxd6 cxd4 12. exd4 Bd7 13. Bc5 Qc7 14. Bxg6+ Kd8
15. Nd2 Ng4 16. Nf3 h5 17. h3 Nf6 18. Qe2 b6 19. Ba3 Be8 20. Bxe8 Rxe8 21. Ne5
Rg8 22. Nxc6+ Qxc6 23. Qe5 Ne8 24. Rfe1 Kd7 25. Qxh5 Nf6 26. Qf7+ Kc8 27. Qxe6+
Kc7 28. Qxc6+ Kxc6 29. Re6+ Kd7 30. Rae1 Rge8 31. Rxe8 Rxe8 32. Rxe8 Kxe8 33.
Bd6 Ne4 34. Be5 Nd2 35. Bxg7 Nc4 36. b3 Nd2 37. f3 1-0

[Event "DVM U10 2015"]
[Site "Magdeburg GER"]
[Date "2015.12.27"]
[Round "2"]
[White "Lünsche, Lucas"]
[Black "Brinkschröder, Josh"]
[Result "0-1"]
[Termination "normal"]
[Board "5.4"]
[WhiteElo "887"]
[BlackElo "745"]
[WhiteTeam "SK Werther 1949"]
[BlackTeam "SchachAkademiePaderborn 1"]
[PlyCount "20"]
[BlackFideId "16274903"]
[EventCountry "GER"]
[EventRounds "7"]
[EventType "team-swiss"]
[EventDate "2015.12.27"]

1. e4 e6 2. Nf3 d5 3. Ne5 Bd6 4. Nf3 dxe4 5. Nd4 Bxh2 6. Rxh2 Qd6 7. Rh1 Qxd4
8. d3 exd3 9. Qxd3 Qxd3 10. Bxd3 Nc6 {Rest nicht nachvollziehbar} 0-1

[Event "DVM U10 2015"]
[Site "Magdeburg GER"]
[Date "2015.12.27"]
[Round "2"]
[White "Nitsche, Nikolai"]
[Black "Hommer, Jeremy"]
[Result "0-1"]
[Termination "normal"]
[Board "6.1"]
[WhiteElo "1227"]
[BlackElo "1679"]
[WhiteTeam "SV Empor Berlin"]
[BlackTeam "SC Turm Lüneburg"]
[PlyCount "68"]
[WhiteFideId "16221036"]
[BlackFideId "12992577"]
[EventCountry "GER"]
[EventRounds "7"]
[EventType "team-swiss"]
[EventDate "2015.12.27"]

1. d4 f5 2. Bf4 d5 3. Nf3 e6 4. e3 Nf6 5. Be2 Be7 6. Nbd2 O-O 7. O-O Ne4 8. c4
c6 9. c5 Bd7 10. b4 Nc3 11. Qe1 Nxe2+ 12. Qxe2 Be8 13. a4 a6 14. b5 cxb5 15. a5
Nc6 16. Ne5 Bf6 17. Nd3 Kh8 18. Nb3 g5 19. Bg3 h5 20. h3 h4 21. Bh2 Qd7 22.
Nbc1 Qh7 23. Na2 Bh5 24. Qd2 Qg7 25. Nab4 Nxb4 26. Nxb4 g4 27. hxg4 Bxg4 28.
Rfe1 Bf3 29. g3 hxg3 30. Bxg3 Bh4 31. Kh2 Bxg3+ 32. fxg3 Qh6+ 33. Kg1 Qh1+ 34.
Kf2 Qg2# 0-1

[Event "DVM U10 2015"]
[Site "Magdeburg GER"]
[Date "2015.12.27"]
[Round "2"]
[White "Wusterack, Paul"]
[Black "Eulenstein, Conrad"]
[Result "1/2-1/2"]
[Termination "normal"]
[Board "6.2"]
[WhiteElo "990"]
[BlackElo "1061"]
[WhiteTeam "SC Turm Lüneburg"]
[BlackTeam "SV Empor Berlin"]
[PlyCount "66"]
[WhiteFideId "16255356"]
[EventCountry "GER"]
[EventRounds "7"]
[EventType "team-swiss"]
[EventDate "2015.12.27"]

1. e4 e5 2. Nf3 Nc6 3. Bc4 Bc5 4. O-O Nf6 5. d3 h6 6. Nc3 d6 7. h3 O-O 8. Qe2
Bd7 9. Be3 Bb6 10. Nd5 Nxd5 11. Bxd5 Be6 12. Bxe6 fxe6 13. Bxb6 axb6 14. b3 Qe7
15. a4 Rf7 16. Nd2 Raf8 17. f3 Nd4 18. Qe3 Qg5 19. Ra3 Qg3 20. c3 Nc6 21. Qe2
Rf6 22. Qf2 Qg5 23. b4 Rg6 24. a5 bxa5 25. b5 Ne7 26. Rxa5 d5 27. Ra7 Rb8 28.
c4 dxc4 29. Nxc4 Nc8 30. Ra5 Nb6 31. Nxb6 cxb6 32. Ra7 Qh5 33. Kh2 Qg5 1/2-1/2

[Event "DVM U10 2015"]
[Site "Magdeburg GER"]
[Date "2015.12.27"]
[Round "2"]
[White "Bildat, Emilia"]
[Black "Müller, Luca"]
[Result "1/2-1/2"]
[Termination "normal"]
[Board "6.4"]
[WhiteElo "981"]
[BlackElo "848"]
[WhiteTeam "SC Turm Lüneburg"]
[BlackTeam "SV Empor Berlin"]
[PlyCount "110"]
[WhiteFideId "16218140"]
[BlackFideId "16236130"]
[EventCountry "GER"]
[EventRounds "7"]
[EventType "team-swiss"]
[EventDate "2015.12.27"]

1. d4 Nf6 2. Nf3 e6 3. Bf4 Nc6 4. e3 b6 5. Bd3 Bb7 6. Nbd2 Bb4 7. c3 Be7 8. e4
d5 9. e5 Ne4 10. Nxe4 dxe4 11. Bxe4 Qd7 12. d5 exd5 13. Bxd5 Na5 14. b4 Bxd5
15. bxa5 bxa5 16. Rb1 Bxa2 17. Qxd7+ Kxd7 18. Rd1+ Kc8 19. O-O Bb3 20. Rd2 Bc4
21. Rfd1 Rd8 22. Bg5 Rxd2 23. Rxd2 Bxg5 24. Nxg5 Rb8 25. h3 Rb5 26. Rd4 Rxe5
27. Rxc4 Rxg5 28. f4 Rg6 29. Rc5 Rf6 30. g3 a4 31. Ra5 Rc6 32. Rxa7 Rxc3 33.
Rxa4 Rxg3+ 34. Kh2 Rg6 35. Re4 f5 36. Re7 Kd8 37. Re5 Rf6 38. Kg3 h6 39. Rd5+
Ke7 40. Rc5 Kd6 41. Re5 g5 42. Re3 Re6 43. Rf3 g4 44. hxg4 fxg4 45. Kxg4 Rg6+
46. Kf5 Re6 47. Kg4 c5 48. f5 Re2 49. f6 Re8 50. Kh5 Rf8 51. Kxh6 Ke6 52. Kg7
Rf7+ 53. Kg6 c4 54. Kg5 c3 55. Rxc3 Rxf6 1/2-1/2

[Event "DVM U10 2015"]
[Site "Magdeburg GER"]
[Date "2015.12.27"]
[Round "2"]
[White "Gallasch, Jonas"]
[Black "Siol, Mats Lennart"]
[Result "1-0"]
[Termination "normal"]
[Board "7.1"]
[WhiteElo "1401"]
[BlackElo "1178"]
[WhiteTeam "SG Porz"]
[BlackTeam "SK Blauer Springer Paderborn 1926"]
[PlyCount "37"]
[WhiteFideId "16222474"]
[BlackFideId "16229240"]
[EventCountry "GER"]
[EventRounds "7"]
[EventType "team-swiss"]
[EventDate "2015.12.27"]

1. d4 Nf6 2. c4 e6 3. Nf3 Be7 4. Nc3 d5 5. Bf4 Nc6 6. e3 b6 7. cxd5 exd5 8. Bb5
Bb7 9. Ne5 O-O 10. Nxc6 Bxc6 11. Bxc6 Rb8 12. O-O Bd6 13. Bg5 h6 14. Bxf6 Qxf6
15. Bxd5 Qh4 16. g3 Qg5 17. Bg2 h5 18. Ne4 Qd5 19. Nf6+ 1-0

[Event "DVM U10 2015"]
[Site "Magdeburg GER"]
[Date "2015.12.27"]
[Round "2"]
[White "Schmidtmann, Kimberly"]
[Black "Kogan, Gabriel"]
[Result "0-1"]
[Termination "normal"]
[Board "7.2"]
[WhiteElo "1334"]
[BlackElo "1132"]
[WhiteTeam "SK Blauer Springer Paderborn 1926"]
[BlackTeam "SG Porz"]
[PlyCount "72"]
[WhiteFideId "12967106"]
[BlackFideId "16238265"]
[EventCountry "GER"]
[EventRounds "7"]
[EventType "team-swiss"]
[EventDate "2015.12.27"]

1. e4 e5 2. Nf3 Nc6 3. Bc4 Bc5 4. O-O Nf6 5. Nc3 O-O 6. d3 d6 7. Bg5 h6 8. Bxf6
Qxf6 9. Nd5 Qg6 10. Nh4 Qg5 11. Nf5 Bxf5 12. exf5 Qxf5 13. Bb5 Nd4 14. Ne7+ Kh7
15. Nxf5 Nxf5 16. Qf3 Bb6 17. Qxb7 Rab8 18. Qc6 Nd4 19. Qe4+ g6 20. Rae1 Nxc2
21. Rc1 Bc5 22. Bc4 Rxb2 23. Rfe1 Kg7 24. Re3 Rxa2 25. g4 f5 26. gxf5 Rxf5 27.
Qa8 Kh7 28. Kg2 Rg5+ 29. Rg3 Rxg3+ 30. Kxg3 Nd4 31. Ba6 Nf5+ 32. Kg4 Rxf2 33.
Re1 Rxh2 34. Rf1 h5+ 35. Kg5 Be3+ 36. Rf4 Bxf4+ 0-1

[Event "DVM U10 2015"]
[Site "Magdeburg GER"]
[Date "2015.12.27"]
[Round "2"]
[White "Sabirov, Rafael"]
[Black "Klahold, Rona"]
[Result "1-0"]
[Termination "normal"]
[Board "7.3"]
[WhiteElo "1198"]
[BlackElo "896"]
[WhiteTeam "SG Porz"]
[BlackTeam "SK Blauer Springer Paderborn 1926"]
[PlyCount "89"]
[WhiteFideId "16241185"]
[BlackFideId "16222970"]
[EventCountry "GER"]
[EventRounds "7"]
[EventType "team-swiss"]
[EventDate "2015.12.27"]

1. e4 e5 2. Nf3 Nc6 3. Bb5 Nf6 4. Nc3 Bc5 5. O-O O-O 6. d3 a6 7. Bxc6 bxc6 8.
Nxe5 d6 9. Nxc6 Qd7 10. Na5 c6 11. Bg5 Ng4 12. h3 Ne5 13. d4 Bb4 14. dxe5 Bxa5
15. exd6 Bb4 16. Be7 Re8 17. Qd3 a5 18. a3 Ba6 19. Qd4 Bxf1 20. Kxf1 Bxc3 21.
Qxc3 Rec8 22. Re1 c5 23. Qc4 Qe6 24. Qxe6 fxe6 25. Rd1 Ra7 26. d7 Rb8 27. d8=Q+
Rxd8 28. Bxd8 Rb7 29. b3 a4 30. bxa4 Rb2 31. Rd2 Kf7 32. Rd3 Rxc2 33. Rc3 Rb2
34. Rd3 Ra2 35. Bb6 Ra1+ 36. Ke2 Kf6 37. Bxc5 Ke5 38. f3 Kf4 39. Bd6+ e5 40. a5
Kg3 41. Bxe5+ Kxg2 42. Bxg7 Kxh3 43. f4+ Kg4 44. Rg3+ Kh5 45. Bxa1 1-0

[Event "DVM U10 2015"]
[Site "Magdeburg GER"]
[Date "2015.12.27"]
[Round "2"]
[White "Eilenberg, Jonas"]
[Black "Hoffmann, Siegfried"]
[Result "0-1"]
[Termination "normal"]
[Board "8.1"]
[WhiteElo "1494"]
[BlackElo "1346"]
[WhiteTeam "Schachpinguine Berlin 1"]
[BlackTeam "USC Magdeburg 1"]
[PlyCount "48"]
[WhiteFideId "16204271"]
[BlackFideId "16252268"]
[EventCountry "GER"]
[EventRounds "7"]
[EventType "team-swiss"]
[EventDate "2015.12.27"]

1. d4 d5 2. c4 e6 3. Nc3 Nf6 4. cxd5 exd5 5. Bg5 Be6 6. e3 Be7 7. Nf3 h6 8. Bh4
Nc6 9. Bd3 Qd7 10. O-O g5 11. Bg3 Bg4 12. h3 h5 13. a3 Bxh3 14. gxh3 Qxh3 15.
Nxg5 Qd7 16. Nf3 O-O-O 17. Bb5 Bd6 18. Bxd6 Qxd6 19. Bxc6 Qxc6 20. Ne5 Qe6 21.
Rc1 Rhg8+ 22. Kh2 Ng4+ 23. Nxg4 Rxg4 24. Qxg4 Qxg4 0-1

[Event "DVM U10 2015"]
[Site "Magdeburg GER"]
[Date "2015.12.27"]
[Round "2"]
[White "Khanbekyan, Areg"]
[Black "Schenk, Jannik"]
[Result "0-1"]
[Termination "normal"]
[Board "8.2"]
[WhiteElo "1154"]
[BlackElo "809"]
[WhiteTeam "USC Magdeburg 1"]
[BlackTeam "Schachpinguine Berlin 1"]
[PlyCount "29"]
[WhiteFideId "12993727"]
[BlackFideId "16204344"]
[EventCountry "GER"]
[EventRounds "7"]
[EventType "team-swiss"]
[EventDate "2015.12.27"]

1. e4 d5 2. exd5 Nf6 3. Nc3 Nxd5 4. Bc4 Nb6 5. Bb3 Nc6 6. Nf3 Bf5 7. O-O Qd7 8.
d4 O-O-O 9. Be3 Qd6 10. d5 Qf6 11. Bxb6 cxb6 12. Qc1 Nb4 13. a3 Na6 14. Nb5 Nc5
15. Nxa7+ 0-1

[Event "DVM U10 2015"]
[Site "Magdeburg GER"]
[Date "2015.12.27"]
[Round "2"]
[White "Nguyen, Duc Minh"]
[Black "Pikalow, Michael"]
[Result "0-1"]
[Termination "normal"]
[Board "8.3"]
[WhiteElo "791"]
[BlackElo "1185"]
[WhiteTeam "Schachpinguine Berlin 1"]
[BlackTeam "USC Magdeburg 1"]
[PlyCount "76"]
[BlackFideId "16227638"]
[EventCountry "GER"]
[EventRounds "7"]
[EventType "team-swiss"]
[EventDate "2015.12.27"]

1. e4 c5 2. Nf3 Nc6 3. Nc3 Nf6 4. Bc4 g6 5. O-O Bg7 6. d3 a6 7. Bg5 O-O 8. Nd5
Nxd5 9. Bxd5 Bxb2 10. Rb1 Bg7 11. c4 Qc7 12. g3 Ne5 13. Bxe7 Re8 14. Bg5 d6 15.
Nxe5 Bxe5 16. Qf3 Bh3 17. Rfc1 Kg7 18. Bxb7 Ra7 19. Bd5 Rf8 20. Rb3 Bd4 21.
Rcb1 Bc8 22. g4 Qd7 23. Qh3 Qxg4+ 24. Qg2 Qe2 25. Rf1 Qxa2 26. Rbb1 f5 27. Qh3
h5 28. Qg3 Be5 29. f4 Bd4+ 30. Kh1 a5 31. Rb6 Rd7 32. e5 Re8 33. e6 Ra7 34.
Rxd6 Qe2 35. Re1 Qd2 36. e7 Bf2 37. Rf1 Bxg3 38. Bc6 Qxh2# 0-1

[Event "DVM U10 2015"]
[Site "Magdeburg GER"]
[Date "2015.12.27"]
[Round "2"]
[White "Pflugradt, Natalie"]
[Black "Pixa, Karl"]
[Result "1/2-1/2"]
[Termination "normal"]
[Board "9.1"]
[WhiteElo "1463"]
[BlackElo "1134"]
[WhiteTeam "SG Blau-Weiß Stadtilm 1"]
[BlackTeam "SV Dresden-Striesen 1990"]
[PlyCount "46"]
[WhiteFideId "16212444"]
[BlackFideId "16240480"]
[EventCountry "GER"]
[EventRounds "7"]
[EventType "team-swiss"]
[EventDate "2015.12.27"]

1. e4 c5 2. Nc3 Nc6 3. f4 d6 4. g3 g6 5. Nf3 Bg7 6. Bg2 Qc7 7. O-O Nf6 8. d3
O-O 9. h3 e5 10. fxe5 dxe5 11. Be3 b6 12. Qd2 Be6 13. Bh6 Qd7 14. Kh2 Qd6 15.
Bxg7 Kxg7 16. Qf2 Ne8 17. Ne2 Nd4 18. Nexd4 cxd4 19. Qe2 Rc8 20. Rac1 Kg8 21.
c3 dxc3 22. Rxc3 Rxc3 23. bxc3 a5 1/2-1/2

[Event "DVM U10 2015"]
[Site "Magdeburg GER"]
[Date "2015.12.27"]
[Round "2"]
[White "Richter, Nicholas"]
[Black "Schmidt, Pauline"]
[Result "1/2-1/2"]
[Termination "normal"]
[Board "9.2"]
[WhiteElo "1105"]
[BlackElo "1142"]
[WhiteTeam "SV Dresden-Striesen 1990"]
[BlackTeam "SG Blau-Weiß Stadtilm 1"]
[PlyCount "43"]
[WhiteFideId "16244834"]
[BlackFideId "16209850"]
[EventCountry "GER"]
[EventRounds "7"]
[EventType "team-swiss"]
[EventDate "2015.12.27"]

1. e4 e5 2. Bc4 Nf6 3. Nc3 Bc5 4. d3 h6 5. Nf3 Nc6 6. Bd2 d6 7. h3 Be6 8. Bxe6
fxe6 9. Qe2 Qd7 10. a3 a6 11. Be3 Bb6 12. O-O O-O 13. Nd2 Qf7 14. Nc4 Ba7 15.
Qf3 Qg6 16. b4 d5 17. Bxa7 Nxa7 18. Nxe5 Qe8 19. Qe3 Nc6 20. Nf3 Rd8 21. e5 Nh7
22. d4 1/2-1/2

[Event "DVM U10 2015"]
[Site "Magdeburg GER"]
[Date "2015.12.27"]
[Round "2"]
[White "Rapp, Leonard"]
[Black "Zhong, Ye Li"]
[Result "1-0"]
[Termination "normal"]
[Board "9.3"]
[WhiteElo "1504"]
[BlackElo "1070"]
[WhiteTeam "SG Blau-Weiß Stadtilm 1"]
[BlackTeam "SV Dresden-Striesen 1990"]
[PlyCount "41"]
[WhiteFideId "16212428"]
[EventCountry "GER"]
[EventRounds "7"]
[EventType "team-swiss"]
[EventDate "2015.12.27"]

1. e4 e5 2. Nf3 Nc6 3. Bc4 h6 4. Nc3 Bb4 5. a3 Bxc3 6. dxc3 Nf6 7. Be3 O-O 8.
Qd3 d6 9. O-O a6 10. h3 Qe7 11. Nh4 b5 12. Bb3 Bb7 13. Ng6 Qd7 14. Nxf8 Rxf8
15. Bd2 Ne7 16. Qg3 Nxe4 17. Qd3 Nxd2 18. Qxd2 Qe6 19. Bxe6 fxe6 20. Qe3 Ng6
21. Qa7 1-0

[Event "DVM U10 2015"]
[Site "Magdeburg GER"]
[Date "2015.12.27"]
[Round "2"]
[White "Haugner, Quentin"]
[Black "Langer, Paul Georg"]
[Result "1-0"]
[Termination "normal"]
[Board "9.4"]
[WhiteElo "827"]
[BlackElo "1118"]
[WhiteTeam "SV Dresden-Striesen 1990"]
[BlackTeam "SG Blau-Weiß Stadtilm 1"]
[PlyCount "67"]
[BlackFideId "16230051"]
[EventCountry "GER"]
[EventRounds "7"]
[EventType "team-swiss"]
[EventDate "2015.12.27"]

1. e4 e5 2. Nf3 Nc6 3. Bc4 Bc5 4. Nc3 Nf6 5. d3 h6 6. Nd5 Nxd5 7. exd5 Ne7 8.
O-O d6 9. Bb5+ c6 10. dxc6 Nxc6 11. Bxc6+ bxc6 12. Re1 O-O 13. c3 Qb6 14. d4
exd4 15. cxd4 Bb4 16. Re2 Bg4 17. Re3 Bxf3 18. Rxf3 c5 19. dxc5 Bxc5 20. Qf1
Rfe8 21. Rg3 h5 22. Bd2 Qxb2 23. Be3 Bxe3 24. fxe3 Rxe3 25. Rxe3 Qd4 26. Rae1
Re8 27. Qf2 Rxe3 28. Rxe3 Qd1+ 29. Re1 Qd5 30. Qc2 g6 31. Re8+ Kg7 32. Qc3+ f6
33. Re7+ Kf8 34. Qxf6+ 1-0

[Event "DVM U10 2015"]
[Site "Magdeburg GER"]
[Date "2015.12.27"]
[Round "2"]
[White "Hetzner, Hannes"]
[Black "Stowicek, Yara Mathilda"]
[Result "1-0"]
[Termination "normal"]
[Board "10.1"]
[WhiteElo "1319"]
[BlackElo "1394"]
[WhiteTeam "SC Erlangen 48/88"]
[BlackTeam "USV Volksbank Halle"]
[PlyCount "20"]
[WhiteFideId "16211936"]
[BlackFideId "16203569"]
[EventCountry "GER"]
[EventRounds "7"]
[EventType "team-swiss"]
[EventDate "2015.12.27"]

1. e4 e5 2. f4 exf4 3. Nf3 Be7 4. Bc4 Bh4+ 5. Kf1 d6 6. d4 Bg4 7. Bxf4 Qe7 8.
Nbd2 Nf6 (8... Nc6 9. c3 a6 10. g3 Bf6 11. Kg2 Qd7 12. h3 Bh5 13. Nb3 Nge7 14.
Qe2 Ng6 15. Bd2 Bxf3+ 16. Qxf3 O-O-O 17. Be2 Kb8 18. Qg4 Qxg4 19. Bxg4 Rde8 20.
Rae1 Re7 21. Re2 Rhe8 22. Rhe1 b6 23. h4 Na7 24. h5 Nf8 25. Bf4 Nd7 26. Bxd7
Rxd7) 9. c3 a6 10. g3 Bxf3 1-0

[Event "DVM U10 2015"]
[Site "Magdeburg GER"]
[Date "2015.12.27"]
[Round "2"]
[White "Schulemann, Gero"]
[Black "Högner, Tom"]
[Result "0-1"]
[Termination "normal"]
[Board "10.2"]
[WhiteElo "1007"]
[BlackElo "1258"]
[WhiteTeam "USV Volksbank Halle"]
[BlackTeam "SC Erlangen 48/88"]
[PlyCount "48"]
[WhiteFideId "16227646"]
[BlackFideId "12995436"]
[EventCountry "GER"]
[EventRounds "7"]
[EventType "team-swiss"]
[EventDate "2015.12.27"]

1. e4 e5 2. Nf3 Nc6 3. Bc4 Nf6 4. Ng5 d5 5. exd5 Na5 6. Be2 Qxd5 7. Nf3 e4 8.
Nc3 Qd8 9. Ng5 Bf5 10. d3 Bb4 11. a3 Bxc3+ 12. bxc3 h6 13. dxe4 Qxd1+ 14. Bxd1
Bxe4 15. Nxe4 Nxe4 16. Bd2 Rd8 17. Be3 Nxc3 18. Bxa7 Nxd1 19. Rxd1 Rxd1+ 20.
Kxd1 b6 21. Kc1 Nc6 22. Re1+ Kd7 23. Rd1+ Kc8 24. Bxb6 cxb6 0-1

[Event "DVM U10 2015"]
[Site "Magdeburg GER"]
[Date "2015.12.27"]
[Round "2"]
[White "Wu, Wilfried"]
[Black "Wähler, Joris"]
[Result "1/2-1/2"]
[Termination "normal"]
[Board "10.3"]
[WhiteElo "1011"]
[BlackElo "913"]
[WhiteTeam "SC Erlangen 48/88"]
[BlackTeam "USV Volksbank Halle"]
[PlyCount "31"]
[WhiteFideId "16260775"]
[BlackFideId "16299388"]
[EventCountry "GER"]
[EventRounds "7"]
[EventType "team-swiss"]
[EventDate "2015.12.27"]

1. e4 e5 2. Nf3 Nc6 3. Nc3 Nf6 4. Bc4 Bc5 5. d3 h6 6. Nd5 O-O 7. Be3 Bxe3 8.
Nxe3 Nh7 9. Qe2 d6 10. O-O Qf6 11. Nd5 Qg6 12. g3 Bg4 13. Bb5 Nd4 14. Ne7+ Kh8
15. Nxg6+ fxg6 16. Qe3 1/2-1/2

[Event "DVM U10 2015"]
[Site "Magdeburg GER"]
[Date "2015.12.27"]
[Round "2"]
[White "Junghans, Richard"]
[Black "Seibt, Bruno"]
[Result "1-0"]
[Termination "normal"]
[Board "11.1"]
[WhiteElo "1188"]
[BlackElo "1050"]
[WhiteTeam "BSG Grün-Weiß Leipzig 1"]
[BlackTeam "SC 1994 Oberland"]
[PlyCount "74"]
[WhiteFideId "16214544"]
[BlackFideId "16219988"]
[EventCountry "GER"]
[EventRounds "7"]
[EventType "team-swiss"]
[EventDate "2015.12.27"]

1. e4 e5 2. Nf3 Nc6 3. Bc4 Nf6 4. Nc3 Nxe4 5. Nxe4 d5 6. Bd3 dxe4 7. Bxe4 Bd6
8. c3 Bg4 9. d4 O-O 10. h3 Bd7 11. Qc2 g6 12. Bh6 Re8 13. O-O Bf8 14. Bd2 Bg7
15. Qb3 Be6 16. d5 Bd7 17. dxc6 Be6 18. Qb5 b6 19. Be3 Qd6 20. Rfd1 Qe7 21. Bg5
f6 22. Be3 f5 23. Bd5 Bxd5 24. Rxd5 e4 25. Rd7 Qf6 26. Bd4 Qe6 27. Ng5 Qxd7 28.
cxd7 Red8 29. Bxg7 Kxg7 30. Ne6+ Kf6 31. Nxd8 Rxd8 32. Qc6+ Ke7 33. Rd1 h5 34.
Qxc7 g5 35. Qd6+ Kf7 36. Qe5 Kg6 37. Qe7 Rg8 1-0

[Event "DVM U10 2015"]
[Site "Magdeburg GER"]
[Date "2015.12.27"]
[Round "2"]
[White "Schön, Florian"]
[Black "Augustin, Elias"]
[Result "1-0"]
[Termination "normal"]
[Board "11.3"]
[WhiteElo "1100"]
[BlackElo "846"]
[WhiteTeam "BSG Grün-Weiß Leipzig 1"]
[BlackTeam "SC 1994 Oberland"]
[PlyCount "96"]
[WhiteFideId "16259394"]
[BlackFideId "16236963"]
[EventCountry "GER"]
[EventRounds "7"]
[EventType "team-swiss"]
[EventDate "2015.12.27"]

1. e4 e5 2. Nf3 Nc6 3. Nc3 Nf6 4. Bc4 Nxe4 5. Nxe4 d5 6. Bd3 dxe4 7. Bxe4 Bg4
8. h3 Bh5 9. d3 Nd4 10. g4 Bg6 11. Bxb7 Rb8 12. Be4 Bxe4 13. dxe4 Bc5 14. Nxd4
Qxd4 15. Qxd4 Bxd4 16. c3 Bc5 17. b4 Bb6 18. a4 a5 19. b5 Rd8 20. Ba3 Rd3 21.
Bb2 h5 22. Ke2 Rd7 23. f3 Rd6 24. Ba3 Rg6 25. c4 Bd4 26. Rad1 hxg4 27. hxg4
Rgh6 28. Rxh6 Rxh6 29. Kd3 Rd6 30. Kc2 Rf6 31. Rf1 c6 32. bxc6 Rxc6 33. Kb3 Bc5
34. Bxc5 Rxc5 35. f4 Ke7 36. fxe5 Rxe5 37. Rf4 g5 38. Rf5 Ke6 39. Rxe5+ Kxe5
40. c5 f6 41. Kc4 Ke6 42. Kb5 Kd7 43. c6+ Kc7 44. Kxa5 Kxc6 45. Kb4 Kb6 46. a5+
Ka6 47. Ka4 Kb7 48. Kb5 Ka7 1-0

[Event "DVM U10 2015"]
[Site "Magdeburg GER"]
[Date "2015.12.27"]
[Round "2"]
[White "Saage, Paul"]
[Black "Glok, David"]
[Result "1-0"]
[Termination "normal"]
[Board "12.3"]
[WhiteElo "926"]
[BlackElo "996"]
[WhiteTeam "Lübecker SV von 1873"]
[BlackTeam "SK München Südost"]
[PlyCount "21"]
[WhiteFideId "16233891"]
[BlackFideId "16226224"]
[EventCountry "GER"]
[EventRounds "7"]
[EventType "team-swiss"]
[EventDate "2015.12.27"]

1. e4 e5 2. Nf3 Nc6 3. d4 Bb4+ 4. c3 Ba5 5. Nxe5 Nxe5 6. dxe5 Bb6 7. Nd2 Qh4 8.
g3 Qh6 9. Nc4 Bc5 10. Bxh6 Nxh6 11. Bg2 1-0